সূফীবাদের আত্মপরিচয় ও ক্রমঃবিকাশের অন্তরায়/ (Record no. 18009)
[ view plain ]
| 000 -LEADER | |
|---|---|
| fixed length control field | 00937nam a22002057a 4500 |
| 003 - CONTROL NUMBER IDENTIFIER | |
| control field | BDDh-ASL |
| 005 - DATE AND TIME OF LATEST TRANSACTION | |
| control field | 20231015025653.0 |
| 008 - FIXED-LENGTH DATA ELEMENTS--GENERAL INFORMATION | |
| fixed length control field | 200917b2007 ||||| |||| 00| 0 d |
| 020 ## - INTERNATIONAL STANDARD BOOK NUMBER | |
| International Standard Book Number | 9843000000509 |
| 040 ## - CATALOGING SOURCE | |
| Original cataloging agency | BDDh-ASL |
| Transcribing agency | BDDh-ASL |
| Modifying agency | BDDh-ASL |
| 041 ## - LANGUAGE CODE | |
| Language code of text/sound track or separate title | bengali |
| 082 ## - DEWEY DECIMAL CLASSIFICATION NUMBER | |
| Classification number | 297.4 |
| Item number | SUS |
| 100 ## - MAIN ENTRY--PERSONAL NAME | |
| 9 (RLIN) | 848 |
| Personal name | সুলতানা, সৈয়দা তাকলিমা |
| 245 1# - TITLE STATEMENT | |
| Title | সূফীবাদের আত্মপরিচয় ও ক্রমঃবিকাশের অন্তরায়/ |
| Statement of responsibility, etc. | সৈয়দা তাকলিমা সুলতানা। |
| 246 ## - VARYING FORM OF TITLE | |
| Title proper/short title | Sufibader Atma Parichay O Kromobikasher Antarai. |
| 260 ## - PUBLICATION, DISTRIBUTION, ETC. | |
| Place of publication, distribution, etc. | ঢাকা: |
| Name of publisher, distributor, etc. | সূফী ফাউণ্ডেশন বাংলাদেশ, |
| Date of publication, distribution, etc. | ২০০৭। |
| 300 ## - PHYSICAL DESCRIPTION | |
| Extent | ১৩১ পৃষ্ঠা: |
| Dimensions | ২১ সে. মি.। |
| 650 #0 - SUBJECT ADDED ENTRY--TOPICAL TERM | |
| 9 (RLIN) | 849 |
| Topical term or geographic name entry element | ইসলাম ধর্ম |
| General subdivision | সূফীবাদ |
| 942 ## - ADDED ENTRY ELEMENTS (KOHA) | |
| Source of classification or shelving scheme | Dewey Decimal Classification |
| Koha item type | Books |
| Withdrawn status | Lost status | Source of classification or shelving scheme | Damaged status | Not for loan | Collection code | Home library | Current library | Shelving location | Date acquired | Total Checkouts | Full call number | Barcode | Date last seen | Copy number | Price effective from | Koha item type | Public note |
|---|---|---|---|---|---|---|---|---|---|---|---|---|---|---|---|---|---|
| Dewey Decimal Classification | Non-fiction | Asiatic Society Library | Asiatic Society Library | General Stacks | 09/17/2020 | 297.4 SUS | 101154 | 09/17/2020 | C-1 | 09/17/2020 | Books | ||||||
| Dewey Decimal Classification | Non-fiction | Asiatic Society Library | Asiatic Society Library | General Stacks | 03/31/2023 | 297.4 SUS | 120253 | 03/31/2023 | C-2 | 03/31/2023 | Books | Y-2007 |